000 00828cab a2200265 4500
001 WB3234-53
008 090401t1996 xxu||||| |||| 00| 0 eng d
035 _a(Sirsi) u97474
041 _aeng
245 _aNew organisation for complaints about solicitors
260 _c1996
350 _a0
490 _aSolicitors` Journal
_v140(33) 6 September 1996, 832(1)
520 _aA new body (Ofsol) has been formed to handle complaints against solicitors. Describes structure of Ofsol.
650 _aCOMPLAINTS
650 _aLAW SOCIETY
650 _aOFFICE FOR THE SUPERVISION OF SOLICITORS
650 _aPETER ROSS
650 _aSOLICITORS COMPLAINTS BUREAU
650 _aSOLICITORS
650 _aSTANDARDS
690 _aMANAGEMENT-BUSINESS MANAGEMENT-PROFESSIONAL PRACTICE
942 _n0
948 _c04/03/1997
999 _c59628
_d59628